000 00555nam a2200193 a 4500
005 20230623063554.0
008 040930s1991 mx r 000 0 spa d
020 _a9686465162
035 _aUPN01000134954
049 _aI
050 4 _aPZ73
_bC6.5
100 1 _aCorona, Sarah
245 1 3 _aEl misterio del tiempo robado /
_cSarah Corona ; il. de Martha Avilés.
260 _aMéxico :
_bCELTA,
_c1991.
300 _a[26] p. :
_bprincipalmente il.
440 0 _aBarril sin fondo
650 4 _aCuentos infantiles mexicanos
_97723
905 _aInfantil
999 _c107105
_d107105